Top 20 Mens Volleyball Teams - Statistics

General Stats
  • This quiz has been taken 284 times
  • The average score is 14 of 20
Answer Stats
Hint Answer % Correct
4 Japan
97%
2 United States
97%
5 Brazil
94%
8 France
94%
1 Poland
91%
12 Canada
87%
10 Germany
87%
3 Italy
87%
6 Argentina
81%
13 Netherlands
67%
7 Slovenia
66%
11 Cuba
63%
9 Serbia
62%
15 Iran
61%
20 Bulgaria
59%
14 Turkiye
59%
17 Belgium
49%
16 Ukraine
49%
18 Egypt
47%
19 Czechia
39%
No matching quizzes found
Score Distribution
Percent of People with Each Score
Percentile by Number Answered
Your Score History
You have not taken this quiz